Estudio geográfico del Valle del Llodio / (Record no. 110336)

MARC details
000 -LEADER
campo de control de longitud fija 00654nam a2200181 4500
001 - NÚMERO DE CONTROL
campo de control 110336
003 - IDENTIFICADOR DE NÚMERO DE CONTROL
campo de control ES-MaACL
005 - FECHA Y HORA DE LA ÚLTIMA TRANSACCIÓN
campo de control 20230906185029.0
007 - CAMPO FIJO DE DESCRIPCIÓN FÍSICA--INFORMACIÓN GENERAL
campo de control de longitud fija t|
008 - DATOS DE LONGITUD FIJA--INFORMACIÓN GENERAL
campo de control de longitud fija 061121s1965 sp r ||||1| spa d
100 1# - ENTRADA PRINCIPAL--NOMBRE DE PERSONA
Nombre de persona Ochoa González de Echevarri, María Josefa.
9 (RLIN) 86490
245 10 - MENCIÓN DEL TÍTULO
Título Estudio geográfico del Valle del Llodio /
Mención de responsabilidad, etc. María Josefa Ochoa González de Echevarri.
260 ## - PUBLICACIÓN, DISTRIBUCIÓN, ETC.
Lugar de publicación, distribución, etc. Vitoria :
Nombre del editor, distribuidor, etc. Montepío Diocesano,
Fecha de publicación, distribución, etc. 1965.
300 ## - DESCRIPCIÓN FÍSICA
Extensión 2v., 86 lám. ;
Dimensiones 25 cm +
Material acompañante/anejo 5 map.
500 ## - NOTA GENERAL
Nota general Precede al Tit : Diputación Foral de Alava. Consejo de Cultura.
710 1# - ENTRADA AGREGADA--NOMBRE DE ENTIDAD CORPORATIVA
Nombre de entidad corporativa o nombre de jurisdicción como elemento de entrada Álava.
Unidad subordinada Consejo de Cultura.
9 (RLIN) 1309
852 ## - LOCALIZACIÓN
Ubicación ES-MaACL
Número de control de estantería C-27608-9
Sublocalización o colección R.56730
Holdings
Estatus retirado Estado de pérdida Estado de daño No para préstamo Biblioteca de origen Biblioteca actual Ubicación en estantería Fecha de adquisición Fuente de adquisición Total de préstamos Signatura topográfica completa Código de barras Visto por última vez Precio de reemplazo Tipo de ítem Koha
        Biblioteca del Ateneo de Madrid Biblioteca del Ateneo de Madrid Depósito 2 17/01/2008     C-27608-9 1115113 23/02/2023 23/02/2023 Libro impreso